000 00764pam a2200229 a 4500
001 724743
005 20180202071918.0
008 980615s1999 njua b 001 0 eng
010 _a 98008778
020 _a0023247150
040 _aDLC
_cDLC
_dDLC
041 _aeng
080 _a372.43 REU
082 0 0 _a372.43 REU
_221
100 1 _a47
101 _aEDU
245 1 0 _aBalanced reading strategies and practices :
_cD. Ray Reutzel, Robert B. Cooter, Jr.
504 _aIncludes bibliographical references and indexes.
906 _a7
_bcbc
_corignew
_d1
_eocip
_f19
_gy-gencatlg
942 _2ddc
_cBK
999 _c41641
_d41641